000 00527nam a2200193Ia 4500
999 _c6865
_d6865
003 OSt
005 20210517152432.0
008 151021s9999 xx 000 0 und d
020 _a324399022
040 _aMMU
_beng
_cMMU
_dMMU
050 _aKF 6369 .C525 2006
245 _aIncome Tax Fundamentals /
_cGerald E. Whittenburg
260 _aOhio :
_bThompson South -Western
_c2006
300 _ax, 667 p. :
500 _aIncludes index
650 _aIncome Tax
700 _aMartha Altus-Buller
942 _2lcc
_cLOAN LOAN